The Trojan War - Statistics

General Stats
  • This quiz has been taken 176 times
  • The average score is 13 of 16
Answer Stats
Question Answer % Correct
Which author is typically credited for assembling stories from the Trojan War? Homer
100%
Who was the king of Troy during the Trojan War? Priam
100%
In which modern country is the ancient city of Troy located? Turkey
100%
Who was Troy’s finest warrior, who was killed by Achilles? Hector
97%
What is the name of the king of Sparta, whose wife fled Sparta with the son of the king of Troy? Menelaus
94%
Who came up with the idea for the Trojan horse that helped the Greeks defeat the Trojans in the Trojan War? Odysseus
94%
There were three goddesses who wished to be named the most beautiful. Which was not among them? Aurora
91%
Who was the leader of the Greek forces in the Trojan war? Agamemnon
88%
Which god guided Paris’s arrow to strike Achilles’ only vulnerable point, his heel, and eventually kill him? Apollo
85%
Troy withstood a Greek siege for how many years? 10
82%
Whose wedding begins the whole set of events of the Trojan war? Peleus and Thetis
76%
Who is the author of the Aeneid, which contains what many consider to be the best known account of the sacking of Troy? Virgil
76%
What happened to the women after the Greeks attacked? They became slaves
74%
Who was the principal wife of the king of Troy during the Trojan War? Hecuba
68%
When did the Trojan War supposedly start? 1260 BC
53%
Who was said to be a huge reason of the start of the Trojan War? Helen
50%
No matching quizzes found
Score Distribution
Percent of People with Each Score
Percentile by Number Answered
Your Score History
You have not taken this quiz